Skoki Narciarskie - Medaliści Mistrzostw Świata ze Słowenii - Statystyki

Ogólne statystyki
  • Ten quiz został rozwiązany 48 razy
  • Średni wynik to 8 z 12
Statystyki odpowiedzi
Z S B Skoczek % Poprawnych
2x 1x - Domen Prevc
100%
- 1x 2x Peter Prevc
100%
2x 1x 2x Anze Lanisek
98%
3x - 1x Timi Zajc
89%
- - 1x Robert Kranjec
82%
- - 2x Jernej Damjan
75%
- - 1x Primoz Peterka
75%
2x - - Lovro Kos
61%
1x - - Ziga Jelar
59%
- - 1x Jurij Tepes
52%
1x - 1x Rok Benkovic
39%
- - 1x Jure Bogataj
5%
Nie znaleziono quizów pasujących do podanych kryteriów
Rozkład punktacji
Procent ludzi z każdym wynikiem
Percentyl według liczby udzielonych odpowiedzi
Twoja historia wyników
Nie rozwiązałeś tego quizu